000 01202nam2a22002531 4500
001 RU\NLR\INFOCOMM15\1000050188
005 20260607135645.0
035 _a(NLR Aleph) 002637032
090 _a13727470
_c13727470
100 _a20040115d1975 |||y0rusy50 ca
101 0 _arus
102 _aKG
105 _ay |||||||||
200 1 _aДеятельность Коммунистической партии Киргизии по дальнейшему повышению роли интеллигенции в условиях развитого социализма (1959-1966 гг.)
_fМаанаев Э.Дж.
210 _d1975
461 0 _1001RU\NLR\INFOCOMM15\1000050177
_12001#$aВопросы истории Коммунистической партии Киргизии$eЕжегодный сборник статей$fИн-т истории партии при ЦК КП Киргизии - филиал Ин-та марксизма-ленинизма при ЦК КПСС$vВып.11
700 1 _aМаанаев
_bЭ. Дж.
_4070
801 0 _aRU
_bNLR
_gPSBO
801 1 _aRU
_bInfoComm
_c20040115
852 _aNLR
_jП22/2699
942 _cISSUE
980 _aRUSPER
980 _aNB